La última cena de Leonardo
Saved in:
| Main Author: | |
|---|---|
| Format: | Book |
| Language: | Spanish |
| Published: |
Madrid
Casimiro Libros
2012
|
| Subjects: | |
| Tags: |
Add Tag
No Tags, Be the first to tag this record!
|
MARC
| LEADER | 00000cam a2200000 a 4500 | ||
|---|---|---|---|
| 001 | UCF5722 | ||
| 003 | CL-VaPUC | ||
| 008 | 130322e20120000SP |||||||||||||||||spa|d | ||
| 020 | |a 9788493967819 | ||
| 082 | 0 | 4 | |a 759.03 |b GOE |2 21 |
| 100 | |a Goethe, Johann Wolfgang von, |d 1749-1832 |e autor |9 265453 | ||
| 245 | 1 | 3 | |a La última cena de Leonardo |
| 300 | |a 60 p | ||
| 942 | |c BK | ||
| 945 | |d 20130322 00:00:00 |a dcastane | ||
| 260 | |a Madrid |b Casimiro Libros |c 2012 | ||
| 650 | 0 | |a Pintura renacentista |9 266314 | |
| 650 | 7 | |a PINTORES RENACENTISTAS |2 CL-VaPUC |9 456682 | |
| 650 | 0 | |a Crítica de arte |9 334590 | |
| 583 | |a last modification |c 20150420 11:02:19 |k Rodrigo Vera | ||
| 999 | |c 351163 |d 351161 | ||
| 952 | |0 0 |1 0 |4 0 |6 759_030000000000000_GOE_2012 |7 0 |8 A |9 455124 |a BIBART |b BIBART |d 2019-11-22 |i 4954084 |o 759.03 GOE 2012 |p 4954084 |r 2025-03-13 |w 2019-11-22 |y BK |k ART | ||